000 00417cam a2200169ua 4500
020 _c21.00
041 _aeng
_h
082 _a941
_bSAL/EN
100 _aSalzman, L F .
245 _aEnglish life in the middle ages /
_cL F Salzman.
_hTextual Documents
260 _aLondon :
_bOxford University Press ,
_c1960.
300 _a287 ; .
365 _a21.00
504 _a
942 _cBK
999 _c6219
_d6219